000 00613 a2200205 4500
020 _a0-471-69466-5
040 _aDLC
_bDLC
082 0 _a005.43
100 1 _aSilberschatz, Abraham
245 0 0 _aOperating system concepts
_cAbraham Silberschatz, Peter Baer Galvin, Greg Gagne
250 _a7. ed.
260 _aNew York :
_bWiley,
_ccop. 2005
300 _axxii, 921 s. :
_bill.
650 7 _aOperating systems (Computers)
650 7 _aOperating systems (Computers)
650 7 _aComputer operating systems
700 1 _aGalvin, Peter Baer
_4aut
700 1 _aGagne, Greg
_4aut
942 _cBK
_k005.43 SIL
_2ddc
999 _c4233
_d4233